Victimología: un estudio sobre la víctima y los procesos de victimización (Registro nro. 7697)

Detalles MARC
000 -Cabecera
Campo de control de longitud fija 01699ntm a22005897a 4500
005 - Fecha y hora de la última transacción
Campo de control 20250821163854.0
008 - Elementos de longitud fija--Información general
Campo de control de longitud fija 160224b2011 xxu||||| |||| 00| | spa d
041 ## - Idioma
Código de idioma Español
082 ## - Clasificación Decimal Dewey
Número de clasificación 362.88 M857v
100 ## - Entrada principal--Autor personal
Nombre personal Morillas Fernández, David Lorenzo
9 (RLIN) 5115
100 ## - Entrada principal--Autor personal
Nombre personal Patró Hernández, Rosa María
9 (RLIN) 5116
100 ## - Entrada principal--Autor personal
Nombre personal Aguilar Cárceles, Marta María
9 (RLIN) 5117
245 ## - Título propiamente dicho
Título Victimología: un estudio sobre la víctima y los procesos de victimización
260 ## - Pie de imprenta
Lugar de publicación, distribución, etc. España
260 ## - Pie de imprenta
Nombre del editor, distribuidor, etc. Dykinson
260 ## - Pie de imprenta
Fecha de publicación, distribución, etc. 2011
300 ## - Descripción física
Extensión 694 páginas
490 ## - Serie
Título de la Serie Investigación Criminal
650 ## - Materia general
Temática (materia general) VICTIMOLOGÍA
650 ## - Materia general
Temática (materia general) VÍCTIMAS DE DELITOS
650 ## - Materia general
Temática (materia general) TIPOS DE VICTIMOLOGÍA
650 ## - Materia general
Temática (materia general) CONCEPTOS
650 ## - Materia general
Temática (materia general) DESVICTIMIZACIÓN
650 ## - Materia general
Temática (materia general) ESTADÍSTICAS VICTIMALES
650 ## - Materia general
Temática (materia general) TIPOLOGÍAS VICTIMALES
650 ## - Materia general
Temática (materia general) MENDELSOHN
650 ## - Materia general
Temática (materia general) VON HENTING
650 ## - Materia general
Temática (materia general) FATTAH
650 ## - Materia general
Temática (materia general) NEWMAN
650 ## - Materia general
Temática (materia general) JOUTSEN
650 ## - Materia general
Temática (materia general) FACTORES VICTIMÓGENOS
650 ## - Materia general
Temática (materia general) RELACIONES VÍCTIMA-VICTIMARIO
650 ## - Materia general
Temática (materia general) PREVENCIÓN
650 ## - Materia general
Temática (materia general) VÍCTIMAS POTENCIALES
650 ## - Materia general
Temática (materia general) PROTECCIÓN AL SUJETO
650 ## - Materia general
Temática (materia general) ASPECTOS PSICOLÓGICOS
650 ## - Materia general
Temática (materia general) TRAUMA PSICOLÓGICO
650 ## - Materia general
Temática (materia general) ESCALA DE VIOLENCIA
650 ## - Materia general
Temática (materia general) RELACIÓN DE MALTRATO
650 ## - Materia general
Temática (materia general) VIOLENCIA CONTRA LA MUER
650 ## - Materia general
Temática (materia general) VIOLENCIA DOMÉSTICA
650 ## - Materia general
Temática (materia general) MALTRATO INFANTIL
650 ## - Materia general
Temática (materia general) ABUSO SEXUAL
650 ## - Materia general
Temática (materia general) ABUSO SEXUAL EN LA INFANCIA
650 ## - Materia general
Temática (materia general) ACOSO LABORAL
650 ## - Materia general
Temática (materia general) ACOSO ESCOLAR
650 ## - Materia general
Temática (materia general) TRATA DE PERSONAS
650 ## - Materia general
Temática (materia general) TERRORISMO
650 ## - Materia general
Temática (materia general) LA PERSECUCIÓN
650 ## - Materia general
Temática (materia general) VICTIMOLOGÍA Y OTRAS CIENCIAS
942 ## - Punto de acceso adicional KOHA
Tipo de ítem KOHA Libro
Fuente del sistema de clasificación o colocación Dewey Decimal Classification
Existencias
Signatura completa Código de barras Programa Académico Tipo de ítem
362.88 M857v 20443 Investigación Criminal Libro